000 01782nam a2200277Ia 4500
999 _c50324
_d50324
001 17265
003 GE_BSU
005 20200210121616.0
008 181216s2013ge xx |||||||||||||| ||geo||
020 _a 9789941436970
040 _cGE_BSU
041 _ageo
080 _a1(479) თ-15
100 _aთავაძე,გიორგი.
_96923
245 _aრუკების ძალა :
_bგელათი და "კავკასიური ფილოსოფიის" ცნება ინტერკულტურული ფილოსოფიის ჭრილში = The power of maps, Gelati and the concept of caucasian philosophy in the context of intercultural philosophy /
_cრედ.-გამომც : თენგიზ ირემაძე ; ჰელმუტ შნაიდერი.
250 _aI-ლი გამოცემა.
264 _aთბილისი :
_bნეკერი,
_c2013.
300 _a52 გვ .:
_b + 2 ჩართ. ფ. რუკ. ;
_c14 სმ.
440 _aაღმოსავლეთი და დასავლეთი - კულტურათა დიალოგი
_96939
653 _aკულტურის ფილოსოფია;კარტოგრაფია
653 _aფილოსოფია.
700 _aირემაძე, თენგიზ
_eრედაქტორ გამომცემელი
_92229
700 _a შნაიდერი, ჰელმუტ
_eრედაქტორ გამომცემელი
_96924
710 _eგრ. რობაქიძის სახ. უნ-ტი, ფილოს. და სოციალ. მეცნ. კვლევითი ინ-ტი
_96940
942 _cBK
_2udc